La expedición de los diez mil.

Saved in:
書目詳細資料
主要作者: Jenofonte (autor)
格式: 圖書
語言:西班牙语
出版: Madrid, España: Espasa Calpe, 1958.
版:Sexta edición.
叢編:Colección Austral, 79
主題:
標簽: 添加標簽
沒有標簽, 成為第一個標記此記錄!

MARC

LEADER 00000nam a2200000 a 4500
001 UCU9580
003 CL-VaPUC
005 20220822114547.0
008 960823e19820000SP |||||||||||||||||spa|d
999 |c 436728  |d 436726 
040 |c Pontificia Universidad Católica de Valparaíso 
082 0 4 |a 938 JEN 1958  |2 21 
100 |a Jenofonte  |e autor  |9 335230 
245 1 3 |a La expedición de los diez mil. 
250 |a Sexta edición. 
260 |a Madrid, España:  |b Espasa Calpe,   |c 1958. 
300 |a 166 páginas 
490 0 |a Colección Austral,  |v  79 
500 |a c.1 Primera parte: Donación Familia Prof. Alejandro Guzmán Brito. 
583 |a last modification  |c 19960823 00:00:00  |k Cristina María Rojas Aguilar 
650 0 |a Historia antigua  |9 267521  |z Grecia  
650 0 |a Guerra  |9 255876  |z Grecia  
651 0 |a Grecia  |9 265314  |x Historia 
942 |c BK  |2 ddc  |n 0 
945 |d 19960823 00:00:00  |a nastorga 
952 |0 0  |1 0  |2 ddc  |4 0  |6 938_000000000000000_JEN_1958  |7 0  |8 C_AGB  |9 584424  |a BIBDER  |b BIBDER  |d 2022-07-06  |e Donación   |i 5652539  |o 938 JEN 1958  |p 5652539  |r 2023-01-25  |t 1  |w 2022-07-06  |y BK_US  |k AGB